[Event "Panevezys Gigant op-A"]
[Site "Panevezys"]
[Date "2017.08.24"]
[Round "8"]
[White "Voroblievas, Arturas"]
[Black "Vasiliauskas, Domas"]
[Result "1-0"]
[WhiteElo "1816"]
[BlackElo "1687"]
[PlyCount "35"]
[EventDate "2017.08.19"]
[EventType "swiss"]
[EventRounds "9"]
[EventCountry "LTU"]
[SourceTitle "EXT 2019"]
[Source "ChessBase"]
[SourceDate "2018.10.10"]
[SourceVersion "1"]
[SourceVersionDate "2018.10.10"]
[SourceQuality "1"]

1. e4 g6 2. d4 Bg7 3. Nc3 d6 4. f4 a6 5. Nf3 b5 6. Bd3 Bb7 7. 0-0 Nd7 8. e5 Nh6 9. a4 b4 10. Ne2 c5 11. c3 a5 12. e6 fxe6 13. Ng5 Qb6 14. Nxe6 Bf6 15. Kh1 Ng4 16. Ng3 Qc6 17. d5 Qb6 18. Qxg4 1-0

[Event "Panevezys Gigant op-A"]
[Site "Panevezys"]
[Date "2017.08.22"]
[Round "6"]
[White "Zebelis, Rimantas"]
[Black "Vasiliauskas, Domas"]
[Result "1/2-1/2"]
[WhiteElo "1740"]
[BlackElo "1687"]
[PlyCount "23"]
[EventDate "2017.08.19"]
[EventType "swiss"]
[EventRounds "9"]
[EventCountry "LTU"]
[SourceTitle "EXT 2019"]
[Source "ChessBase"]
[SourceDate "2018.10.10"]
[SourceVersion "1"]
[SourceVersionDate "2018.10.10"]
[SourceQuality "1"]

1. d4 Nf6 2. c4 g6 3. Nc3 Bg7 4. Nf3 0-0 5. g3 d6 6. Bg2 c6 7. 0-0 Nbd7 8. e4 e5 9. Re1 exd4 10. Nxd4 Qc7 11. h3 h6 12. Be3 1/2-1/2

[Event "LTU-ch U16"]
[Site "Kaunas"]
[Date "2017.04.10"]
[Round "7"]
[White "Pultinevicius, Paulius"]
[Black "Vasiliauskas, Domas"]
[Result "1-0"]
[WhiteElo "2389"]
[BlackElo "1721"]
[PlyCount "40"]
[EventDate "2017.04.05"]
[EventType "swiss"]
[EventRounds "7"]
[EventCountry "LTU"]
[SourceTitle "CBM 177 Extra"]
[Source "ChessBase"]
[SourceDate "2017.04.27"]
[SourceVersion "1"]
[SourceVersionDate "2017.04.27"]
[SourceQuality "1"]

1. Nf3 d6 2. d4 c6 3. c4 Nd7 4. g3 h6 5. Bg2 g5 6. h3 Bg7 7. Nc3 Nf8 8. 0-0 Ng6 9. Qc2 Qa5 10. Bd2 g4 11. hxg4 Bxg4 12. b4 Qh5 13. b5 Nf6 14. Rfb1 d5 15. bxc6 bxc6 16. cxd5 0-0 17. dxc6 Rac8 18. Rb5 e5 19. dxe5 Bxf3 20. exf6 Bxg2 1-0

[Event "LTU-ch U16"]
[Site "Kaunas"]
[Date "2017.04.09"]
[Round "6"]
[White "Vasiliauskas, Domas"]
[Black "Pilipuitis, Mantas"]
[Result "1-0"]
[WhiteElo "1721"]
[BlackElo "1583"]
[PlyCount "67"]
[EventDate "2017.04.05"]
[EventType "swiss"]
[EventRounds "7"]
[EventCountry "LTU"]
[SourceTitle "CBM 177 Extra"]
[Source "ChessBase"]
[SourceDate "2017.04.27"]
[SourceVersion "1"]
[SourceVersionDate "2017.04.27"]
[SourceQuality "1"]

1. Nf3 Nc6 2. g3 e5 3. d3 d5 4. Bg2 Nf6 5. 0-0 Bc5 6. Nxe5 Nxe5 7. d4 Ned7 8. dxc5 Nxc5 9. b3 0-0 10. Ba3 b6 11. c4 Bb7 12. Bxc5 bxc5 13. cxd5 Nxd5 14. Bxd5 Bxd5 15. Qc2 Re8 16. Nc3 Bb7 17. Rad1 Qf6 18. Nd5 Qc6 19. f3 Ba6 20. Rfe1 Re6 21. e4 f5 22. e5 g6 23. Qc3 h6 24. Nf6+ Kh8 25. h4 c4 26. Qc1 Rxf6 27. exf6 Qxf6 28. Qxh6+ Kg8 29. Qd2 Rf8 30. Qd5+ Kh7 31. Re6 Qb2 32. Rxa6 c3 33. Qe6 Rg8 34. Rd7+ 1-0

[Event "LTU-ch U16"]
[Site "Kaunas"]
[Date "2017.04.06"]
[Round "3"]
[White "Vasiliauskas, Domas"]
[Black "Mockus, Dziugas"]
[Result "1/2-1/2"]
[WhiteElo "1721"]
[BlackElo "1580"]
[PlyCount "92"]
[EventDate "2017.04.05"]
[EventType "swiss"]
[EventRounds "7"]
[EventCountry "LTU"]
[SourceTitle "CBM 177 Extra"]
[Source "ChessBase"]
[SourceDate "2017.04.27"]
[SourceVersion "1"]
[SourceVersionDate "2017.04.27"]
[SourceQuality "1"]

1. d4 d5 2. Bf4 Nf6 3. Nf3 e6 4. e3 c5 5. Nbd2 Nc6 6. Be2 Bd6 7. Bg3 0-0 8. 0-0 b6 9. c3 Bb7 10. Ne5 Bxe5 11. dxe5 Ne4 12. f4 Nxd2 13. Qxd2 d4 14. exd4 cxd4 15. c4 Qe7 16. Bf3 Rfd8 17. Qe1 d3 18. Bh4 Qc5+ 19. Kh1 Rd7 20. b3 Ne7 21. Bxb7 Rxb7 22. Qe4 Qc6 23. Qxd3 Rd7 24. Qe2 Nf5 25. Bf2 Rad8 26. Rad1 h6 27. h3 Rxd1 28. Rxd1 Rxd1+ 29. Qxd1 Qe4 30. Qd2 Kh7 31. Kh2 h5 32. Bg3 Ne3 33. Qf2 Nd1 34. Qf3 Qxf3 35. gxf3 Nc3 36. Be1 Ne2 37. Bd2 Kg6 38. b4 Kf5 39. c5 bxc5 40. bxc5 Nd4 41. Kg2 g5 42. Be3 Nc6 43. fxg5 Kxe5 44. Kg3 Kf5 45. Kh4 Kg6 46. Kg3 Kf5 1/2-1/2

[Event "LTU-ch U16"]
[Site "Kaunas"]
[Date "2017.04.05"]
[Round "1"]
[White "Vasiliauskas, Domas"]
[Black "Kurmis, Ernestas"]
[Result "0-1"]
[WhiteElo "1721"]
[BlackElo "1410"]
[PlyCount "116"]
[EventDate "2017.04.05"]
[EventType "swiss"]
[EventRounds "7"]
[EventCountry "LTU"]
[SourceTitle "CBM 177 Extra"]
[Source "ChessBase"]
[SourceDate "2017.04.27"]
[SourceVersion "1"]
[SourceVersionDate "2017.04.27"]
[SourceQuality "1"]

1. d4 d5 2. c4 c6 3. Nf3 Nf6 4. Nc3 e6 5. e3 Bd6 6. Bd3 Nbd7 7. 0-0 0-0 8. Qc2 Re8 9. Re1 e5 10. cxd5 cxd5 11. Bb5 e4 12. Nd2 a6 13. Ba4 Re6 14. Nf1 b5 15. Bb3 Nb6 16. f3 exf3 17. gxf3 Nh5 18. Qf2 Rg6+ 19. Kh1 Bh3 20. Bc2 Rg5 21. f4 Rg4 22. Ng3 Qh4 23. Nce2 Re8 24. Bd3 Nc4 25. Bxc4 bxc4 26. b3 g5 27. Rg1 gxf4 28. exf4 Kf8 29. f5 Nxg3+ 30. Nxg3 Bxg3 31. Ba3+ Kg8 32. hxg3 Bg2+ 33. Kxg2 Re2 34. Rae1 Rxf2+ 35. Kxf2 Qh2+ 36. Kf3 Re4 37. Rh1 Qxa2 38. Bd6 Qxb3+ 39. Kg2 Qb2+ 40. Kh3 Qxd4 41. Rb1 Re8 42. Rhf1 c3 43. Rf4 Qf6 44. Rb6 c2 45. Rc6 Qh6+ 46. Kg2 f6 47. Rxc2 Qh5 48. Rff2 Qg4 49. Kh2 Qe4 50. Ra2 Qc4 51. Rac2 Qb5 52. Bf4 d4 53. Bh6 Kf7 54. Kh3 d3 55. Rc7+ Re7 56. Rc8 Rd7 57. Rf4 Qe5 58. Rf2 d2 0-1

[Event "LTU-chT"]
[Site "Lithuania"]
[Date "2016.02.06"]
[Round "4.1"]
[White "Juksta, Karolis"]
[Black "Vasiliauskas, Domas"]
[Result "1-0"]
[WhiteElo "1871"]
[BlackElo "1745"]
[PlyCount "63"]
[EventDate "2016.01.23"]
[EventType "team-swiss"]
[EventRounds "7"]
[EventCountry "LTU"]
[SourceTitle "CBM 170 Extra"]
[Source "ChessBase"]
[SourceDate "2016.02.25"]
[SourceVersion "1"]
[SourceVersionDate "2016.02.25"]
[SourceQuality "1"]
[WhiteTeam "Kaunas Mirazas"]
[BlackTeam "Alytus"]
[WhiteTeamCountry "LTU"]
[BlackTeamCountry "LTU"]

1. d4 Nf6 2. c4 g6 3. Nc3 Bg7 4. e4 d6 5. Be2 0-0 6. Bg5 Nbd7 7. Nf3 c6 8. Qd2 e5 9. d5 cxd5 10. exd5 Nb6 11. 0-0 Bg4 12. Qe3 Qd7 13. Rfd1 Nh5 14. h3 Bxf3 15. Qxf3 f5 16. c5 dxc5 17. d6 e4 18. Qe3 Bd4 19. Rxd4 cxd4 20. Qxd4 Qg7 21. Qd2 Qe5 22. Bxh5 gxh5 23. d7 Nc4 24. Qe2 Nd6 25. Rd1 Nf7 26. Qxh5 Nxg5 27. Qxg5+ Qg7 28. d8Q Raxd8 29. Qxd8 h6 30. Qd4 Qg5 31. Qxa7 f4 32. Qxb7 1-0

[Event "Panevezys op-B 28th"]
[Site "Panevezys"]
[Date "2015.08.20"]
[Round "5"]
[White "Vasiliauskas, Domas"]
[Black "Ivanauskas, Raimundas"]
[Result "1-0"]
[WhiteElo "1687"]
[BlackElo "1743"]
[PlyCount "133"]
[EventDate "2015.08.17"]
[EventType "swiss"]
[EventRounds "9"]
[EventCountry "LTU"]
[SourceTitle "EXT 2016"]
[Source "ChessBase"]
[SourceDate "2015.10.08"]
[SourceVersion "1"]
[SourceVersionDate "2015.10.08"]
[SourceQuality "1"]

1. d4 d5 2. Nf3 Nf6 3. c4 c6 4. Nc3 dxc4 5. a4 Bf5 6. Ne5 Nbd7 7. Nxc4 Nb6 8. e3 Nxc4 9. Bxc4 e6 10. 0-0 Be7 11. f3 0-0 12. e4 Bg6 13. Be3 Qa5 14. Qb3 Qb4 15. Rfd1 Rfd8 16. Rac1 Qxb3 17. Bxb3 Rd7 18. Ne2 Kf8 19. Nf4 Bd8 20. Nd3 Bb6 21. Ne5 Rdd8 22. Kf1 Bc7 23. Ke2 Bxe5 24. dxe5 Nd7 25. Bg5 f6 26. exf6 gxf6 27. Bxe6 Ke7 28. Bxd7 fxg5 29. Bf5 Bxf5 30. exf5 Kf6 31. g4 Re8+ 32. Kf2 Rad8 33. Rxd8 Rxd8 34. Re1 Rd2+ 35. Re2 Rd4 36. b3 Rd3 37. Re3 Rd2+ 38. Kg3 Rd6 39. f4 gxf4+ 40. Kxf4 Rd4+ 41. Re4 Rd3 42. g5+ Kf7 43. Re3 Rd4+ 44. Ke5 Rd5+ 45. Ke4 Rd1 46. Rd3 Re1+ 47. Kf4 Re7 48. h4 b5 49. axb5 cxb5 50. Rd5 Rb7 51. b4 a6 52. Rd6 Rc7 53. Rd4 Rc1 54. Ke5 Re1+ 55. Re4 Ra1 56. h5 Rc1 57. g6+ hxg6 58. hxg6+ Kg7 59. Rd4 Re1+ 60. Kf4 Rf1+ 61. Kg5 Rg1+ 62. Rg4 Rf1 63. Rg2 Rf3 64. Rd2 Rg3+ 65. Kh4 Rb3 66. Rd7+ Kg8 67. f6 1-0

[Event "Panevezys op-B 28th"]
[Site "Panevezys"]
[Date "2015.08.18"]
[Round "2"]
[White "Pluta, Paulius"]
[Black "Vasiliauskas, Domas"]
[Result "1/2-1/2"]
[WhiteElo "1554"]
[BlackElo "1687"]
[PlyCount "106"]
[EventDate "2015.08.17"]
[EventType "swiss"]
[EventRounds "9"]
[EventCountry "LTU"]
[SourceTitle "EXT 2016"]
[Source "ChessBase"]
[SourceDate "2015.10.08"]
[SourceVersion "1"]
[SourceVersionDate "2015.10.08"]
[SourceQuality "1"]

1. d4 Nf6 2. e3 g6 3. Bd3 Bg7 4. f4 0-0 5. Nf3 d6 6. 0-0 Nc6 7. c3 Bg4 8. Nbd2 e5 9. fxe5 dxe5 10. Qc2 Re8 11. Ne4 Nd5 12. Ng3 exd4 13. exd4 Bxf3 14. Rxf3 f5 15. Bd2 Kh8 16. Rff1 Qd7 17. Rae1 a6 18. Ne2 Ne3 19. Bxe3 Rxe3 20. Nf4 Rae8 21. Qf2 R3e7 22. Bc4 Rxe1 23. Rxe1 Rxe1+ 24. Qxe1 Bxd4+ 25. Kh1 Be5 26. Nd3 Bd6 27. Qe6 Qxe6 28. Bxe6 b6 29. Kg1 Kg7 30. Kf2 Kf6 31. Bc4 a5 32. Kf3 g5 33. g4 Bxh2 34. gxf5 Kxf5 35. Bd5 Ne5+ 36. Nxe5 Kxe5 37. Be4 h5 38. Bg6 h4 39. Kg4 Bf4 40. b3 Bd2 41. a4 Bxc3 42. Kxg5 h3 43. Be8 Kd5 44. Bh5 h2 45. Bf3+ Kc5 46. Kg4 b5 47. axb5 Kxb5 48. Kg3 Be5+ 49. Kg2 Kc5 50. Bh5 Kb4 51. Bf7 c5 52. Kh1 Bd4 53. Be6 c4 1/2-1/2

[Event "Kaunas New Year op"]
[Site "Kaunas"]
[Date "2015.01.04"]
[Round "5"]
[White "Vasiliauskas, Domas"]
[Black "Vaskevicius, Augustas"]
[Result "1-0"]
[WhiteElo "1638"]
[BlackElo "1692"]
[PlyCount "79"]
[EventDate "2015.01.02"]
[EventType "swiss"]
[EventRounds "6"]
[EventCountry "LTU"]
[SourceTitle "CBM 164 Extra"]
[Source "ChessBase"]
[SourceDate "2015.03.02"]
[SourceVersion "1"]
[SourceVersionDate "2015.03.02"]
[SourceQuality "1"]

1. d4 d5 2. c4 c6 3. e3 e6 4. Nc3 Nf6 5. Nf3 Nbd7 6. Qc2 Be7 7. Bd3 dxc4 8. Bxc4 b5 9. Bd3 a6 10. e4 c5 11. e5 Nd5 12. Nxd5 exd5 13. e6 fxe6 14. Bxh7 c4 15. Bg6+ Kf8 16. Qe2 Bb4+ 17. Kf1 Qe7 18. Bg5 Nf6 19. Ne5 Bd7 20. Bf7 Qxf7 21. Nxf7 Kxf7 22. Qf3 Rac8 23. Rc1 a5 24. h4 Be7 25. g4 b4 26. Bxf6 gxf6 27. g5 Bb5 28. Kg1 Rcg8 29. Re1 Bd7 30. Kf1 Bb5 31. Kg2 Bd7 32. Qf4 Bd8 33. Kf3 Ke8 34. Ke2 fxg5 35. hxg5 Rxh1 36. Rxh1 Bxg5 37. Qb8+ Bd8 38. Rh7 Rf8 39. Qb7 Ba4 40. Qc8 1-0

[Event "Sokolka op 5th"]
[Site "Sokolka"]
[Date "2014.07.10"]
[Round "3"]
[White "Vasiliauskas, Domas"]
[Black "Dabkus, Roman"]
[Result "0-1"]
[WhiteElo "1505"]
[BlackElo "1795"]
[PlyCount "63"]
[EventDate "2014.07.08"]
[EventType "swiss"]
[EventRounds "9"]
[EventCountry "POL"]
[SourceTitle "CBM 161 Extra"]
[Source "ChessBase"]
[SourceDate "2014.08.29"]
[SourceVersion "1"]
[SourceVersionDate "2014.08.29"]
[SourceQuality "1"]

1. d4 e6 2. c4 d5 3. Nc3 f5 4. Nf3 Nf6 5. Bf4 c6 6. e3 Be7 7. Be2 0-0 8. 0-0 b6 9. Rb1 Na6 10. Qa4 Bb7 11. cxd5 b5 12. Nxb5 cxb5 13. Bxb5 Nc7 14. Bc6 Bxc6 15. Qxc6 Nfxd5 16. Bxc7 Nxc7 17. Rfc1 Bd6 18. Ne5 Rc8 19. Qb7 Bxe5 20. dxe5 Nd5 21. Qxa7 Ra8 22. Qd4 Rxa2 23. Rc6 Qd7 24. Qc4 Rfa8 25. h3 R2a4 26. Qc1 f4 27. b3 Re4 28. Rd6 Qe8 29. Qc2 Rxe5 30. e4 Rc8 31. Qd2 Nc3 32. Qd4 0-1

[Event "Baltic Amateur op"]
[Site "Vilnius"]
[Date "2014.03.10"]
[Round "4"]
[White "Macionis, Zigmas"]
[Black "Vasiliauskas, Domas"]
[Result "0-1"]
[WhiteElo "1785"]
[BlackElo "1501"]
[PlyCount "82"]
[EventDate "2014.03.09"]
[EventType "swiss"]
[EventRounds "5"]
[EventCountry "LTU"]
[SourceTitle "CBM 159 Extra"]
[Source "ChessBase"]
[SourceDate "2014.04.24"]
[SourceVersion "1"]
[SourceVersionDate "2014.04.24"]
[SourceQuality "1"]

1. d4 Nf6 2. c4 g6 3. Nc3 Bg7 4. Bg5 0-0 5. Qd2 Re8 6. f4 d6 7. Nf3 Nbd7 8. 0-0-0 c6 9. e4 Qb6 10. e5 Ng4 11. h3 Nh6 12. Bd3 f6 13. Bh4 dxe5 14. Bf2 exf4 15. Qxf4 e5 16. Qd2 f5 17. dxe5 Nc5 18. Kb1 Qa5 19. Qe3 Nxd3 20. Rxd3 Nf7 21. Rhd1 Be6 22. b3 Nxe5 23. Nxe5 Qxe5 24. Qd2 Qc7 25. Bg3 Be5 26. Bxe5 Qxe5 27. Re1 Qc7 28. Rde3 Bf7 29. Qd4 Rxe3 30. Rxe3 Re8 31. Rd3 b6 32. Nd1 c5 33. Qf6 Qe5 34. Qc6 Qe4 35. Qd7 Qxg2 36. Qxa7 Re2 37. Rd8+ Kg7 38. Rd3 Qe4 39. Qd7 Re1 40. Kb2 Re2+ 41. Ka3 Qa8+ 0-1

[Event "LTU-chT"]
[Site "Lithuania"]
[Date "2014.01.26"]
[Round "2.3"]
[White "Vasiliauskas, Domas"]
[Black "Marciulionis, Rolandas"]
[Result "1/2-1/2"]
[WhiteElo "1501"]
[BlackElo "1762"]
[PlyCount "120"]
[EventDate "2014.01.25"]
[EventType "team-swiss"]
[EventRounds "7"]
[EventCountry "LTU"]
[SourceTitle "CBM 158 Extra"]
[Source "ChessBase"]
[SourceDate "2014.02.28"]
[SourceVersion "1"]
[SourceVersionDate "2014.02.28"]
[SourceQuality "1"]
[WhiteTeam "Kaunas AG II"]
[BlackTeam "Rokiskis"]
[WhiteTeamCountry "LTU"]
[BlackTeamCountry "LTU"]

1. d4 Nf6 2. Nf3 c5 3. c4 g6 4. g3 Bg7 5. Bg2 0-0 6. Nc3 cxd4 7. Nxd4 Nc6 8. Nf3 d6 9. 0-0 Bd7 10. e4 Qc8 11. Be3 Be6 12. b3 Ng4 13. Bd4 Nxd4 14. Nxd4 Bd7 15. h3 Ne5 16. Kh2 Nc6 17. Nxc6 Bxc6 18. Rc1 f5 19. exf5 Rxf5 20. Bd5+ e6 21. Bxc6 Qxc6 22. Nb5 Rd8 23. Nd4 Bxd4 24. Qxd4 Qc5 25. Rcd1 Qxd4 26. Rxd4 d5 27. Kg2 Rdf8 28. g4 Rf4 29. Rxf4 Rxf4 30. cxd5 exd5 31. Rd1 d4 32. g5 h6 33. gxh6 Kh7 34. Kg3 g5 35. Rd3 Kxh6 36. f3 Kh5 37. b4 Kg6 38. b5 Kf6 39. Ra3 Ke6 40. Rxa7 d3 41. Ra8 Ke7 42. Kf2 Rd4 43. Ke1 Rf4 44. Kf2 Rd4 45. Ke1 d2+ 46. Kd1 Kd7 47. Rg8 Rd5 48. Rg7+ Kc8 49. a4 Rf5 50. Kxd2 Rxf3 51. Rxg5 Rxh3 52. Rc5+ Kb8 53. Rc3 Rh4 54. Ra3 b6 55. a5 bxa5 56. Rxa5 Kb7 57. Ra3 Kb6 58. Rb3 Rh5 59. Kc3 Rxb5 60. Rxb5+ Kxb5 1/2-1/2

[Event "LTU-chT"]
[Site "Lithuania"]
[Date "2014.01.25"]
[Round "1.3"]
[White "Alekna, Laurynas"]
[Black "Vasiliauskas, Domas"]
[Result "1-0"]
[WhiteElo "1721"]
[BlackElo "1501"]
[PlyCount "81"]
[EventDate "2014.01.25"]
[EventType "team-swiss"]
[EventRounds "7"]
[EventCountry "LTU"]
[SourceTitle "CBM 158 Extra"]
[Source "ChessBase"]
[SourceDate "2014.02.28"]
[SourceVersion "1"]
[SourceVersionDate "2014.02.28"]
[SourceQuality "1"]
[WhiteTeam "Gargzdai Mintis"]
[BlackTeam "Kaunas AG II"]
[WhiteTeamCountry "LTU"]
[BlackTeamCountry "LTU"]

1. d4 Nf6 2. c4 g6 3. Nc3 Bg7 4. e4 d6 5. Be3 0-0 6. Bd3 Ng4 7. Nge2 Nxe3 8. fxe3 Nd7 9. 0-0 e5 10. Qe1 Bh6 11. Qg3 Qg5 12. Rf3 Nf6 13. h3 Nh5 14. Qxg5 Bxg5 15. Raf1 c6 16. Bc2 f5 17. g4 Ng7 18. exf5 gxf5 19. gxf5 Bxf5 20. Bxf5 Nxf5 21. Rxf5 Bxe3+ 22. Kg2 exd4 23. Rxf8+ Rxf8 24. Rxf8+ Kxf8 25. Nd1 d5 26. Nxe3 dxe3 27. cxd5 cxd5 28. Kf3 Kf7 29. Kxe3 Kf6 30. Kf4 a6 31. Nd4 Kg6 32. Nf5 Kh5 33. a4 d4 34. Nxd4 Kh4 35. Ne6 h6 36. a5 Kxh3 37. Nc5 h5 38. Nxb7 h4 39. Nd6 Kg2 40. Ne4 h3 41. b4 1-0

[Event "Panevezys op 25th"]
[Site "Panevezys"]
[Date "2012.08.17"]
[Round "7"]
[White "Vasiliauskas, Domas"]
[Black "Le Boette, Guershom"]
[Result "1-0"]
[WhiteElo "1482"]
[BlackElo "1527"]
[PlyCount "139"]
[EventDate "2012.08.13"]
[EventType "swiss"]
[EventRounds "9"]
[EventCountry "LTU"]
[SourceTitle "CBM 149 Extra"]
[Source "ChessBase"]
[SourceDate "2012.08.24"]
[SourceVersion "1"]
[SourceVersionDate "2012.08.24"]
[SourceQuality "1"]

1. d4 Nf6 2. c4 g6 3. Nf3 Bg7 4. g3 d6 5. Bg2 c5 6. dxc5 Qa5+ 7. Nc3 Qxc5 8. Qb3 Qc7 9. 0-0 Nc6 10. Bg5 0-0 11. Bxf6 Bxf6 12. Nd5 Qd7 13. Nxf6+ exf6 14. Rfd1 b6 15. Nd4 Nxd4 16. Rxd4 Bb7 17. Bxb7 Qxb7 18. Rxd6 f5 19. Rad1 Qe7 20. R1d2 Rfe8 21. Rd7 Qe6 22. e3 Kf8 23. Qc3 Qe5 24. Qxe5 Rxe5 25. Rb7 Re7 26. Rdd7 Rxd7 27. Rxd7 Ke8 28. Rb7 h5 29. Kf1 g5 30. f4 g4 31. b4 Rc8 32. c5 bxc5 33. bxc5 Rxc5 34. Rxa7 Kd8 35. Rxf7 Rc1+ 36. Kf2 Rc2+ 37. Kf1 Rc1+ 38. Ke2 Rc2+ 39. Ke1 Rc1+ 40. Kd2 Ra1 41. a4 Rxa4 42. Rxf5 Ra2+ 43. Kd3 Rxh2 44. Rg5 Rh3 45. Kd4 Rxg3 46. Rxh5 Rh3 47. Rg5 g3 48. Ke4 Ke7 49. f5 Kf6 50. Rg6+ Kf7 51. Kf4 Rh1 52. Rxg3 Rf1+ 53. Kg5 Kg7 54. e4 Re1 55. Kf4+ Kf7 56. e5 Rf1+ 57. Rf3 Ra1 58. e6+ Kf6 59. Re3 Ra4+ 60. Kg3 Ra7 61. Kf4 Ra4+ 62. Re4 Ra7 63. Rd4 Ke7 64. Ke5 Ra5+ 65. Rd5 Ra7 66. f6+ Ke8 67. f7+ Ke7 68. Rd7+ Rxd7 69. exd7 Kxd7 70. f8Q 1-0